00897nam a2200253 a 4500001001000000003000400010005001700014008004100031020001800072040002500090082002600115100003700141245011100178250001300289260004200302300002100344590002800365650002700393650003100420910003700451942001400488952012400502999001700626000040387Ost20260321073643.0091204s1987 dr 000 f spa d a9789945406924 aDO-SdBNPbspacBNPHU aRD863.44bB742m, 19871 a Bosch, Juan, d1909-200197655513aLa mañosa :bnovela /cJuan Bosch ; editor Tomás Castro Burdiez ; supervisión editorial Eric Simó. a15a. ed. aSanto Domingo :bAlfa y Omega,c1987. a220 p. ;c23 cm. aInventariado, 2020 / DG 0aNovela dominicana9223 0aLiteratura dominicana.967 aValidado. Control de calidad MFF 2ddccLBS1 0010718PDaGRbGRcHDd2013-08-23iLF1l0oRD863.44 B742m, 1987p40387-10r2020-06-25w2020-06-25yLFPDZNo se presta c39877d39877